| 000 | 01255nam0a22003251 4500 | ||
|---|---|---|---|
| 001 | v19\rc\1828571 | ||
| 005 | 20250619135539.0 | ||
| 035 | _a(NLR Aleph) 004924734 | ||
| 090 |
_a5615948 _c5615948 |
||
| 100 | _a20071224e19081908|||y0rusy50 ca | ||
| 101 | 0 | _arus | |
| 102 | _aRU | ||
| 105 | _aa z ||||| | ||
| 200 | 1 |
_aКаратагское землетрясение _fМ. Бронников |
|
| 210 |
_aСанкт-Петербург _cтипо-лит. К. Биркенфельда _d1908 |
||
| 215 |
_a475-515 с., 2 л. схем. _cил. _d25 |
||
| 300 | _aНа 1 с. текста - М.М. Бронников | ||
| 300 | _aОбл. рус., фр.; рез. на фр. яз. | ||
| 309 | _aБез тит. л. | ||
| 311 | _aОтт. из т. 27 "Изв. Геол. ком.", № 147 | ||
| 488 | 0 |
_12001#$aИзвестия Геологического комитета$v№ 147, т. 27 _tИзвестия Геологического комитета |
|
| 700 | 1 |
_aБронников _bМ.М. _f1867-1917 _gМихаил Михайлович |
|
| 801 | 0 |
_aRU _bNLR _gpsbo |
|
| 801 | 0 |
_aRU _bRuMoRGB _2psbo |
|
| 801 | 1 |
_aRU _bProSoft-M _2rusmarc |
|
| 852 |
_aNLR _j20.106.8.358 |
||
| 899 |
_aRuMoRGB _jМ 64/202 |
||
| 899 | _aБАН | ||
| 942 | _cBOOK | ||
| 980 | _aNB | ||